| 000 | 00824nam a2200217 a 4500 | ||
|---|---|---|---|
| 003 | 0 | ||
| 005 | 20250415091945.0 | ||
| 008 | 970101s19uu xx 00 eng d | ||
| 050 |
_aPGS TX 355 _b.C355 2004 |
||
| 100 | _aCastro, Mark Adrian C. | ||
| 245 |
_aEating habits of grade 6 students of Southville International School School and Colleges. _cMark Adrian C. Castro. |
||
| 260 |
_aLas PiƱas City, Philippines : _bSouthville International School and Colleges, _c2004. |
||
| 300 |
_a27 pages : _billustrations ; _c28 cm. |
||
| 504 | _aIncludes bibliographical references. | ||
| 650 |
_aChildren _vNutrition. |
||
| 650 |
_aEating habits _vChildren. |
||
| 650 |
_aVegetables _vConsumption. |
||
| 650 |
_aSchool children _vFood behavior. |
||
| 650 |
_aNutrition _vStudy and teaching (Elementary). |
||
| 942 |
_2lcc _cPASS |
||
| 999 |
_c96962 _d96962 |
||